Trial of the Amazons / (Record no. 2199)

MARC details
000 -LEADER
fixed length control field 01481cam a2200301 a 4500
005 - DATE AND TIME OF LATEST TRANSACTION
control field 20231110081639.0
020 ## - INTERNATIONAL STANDARD BOOK NUMBER
International Standard Book Number 9781434218834
020 ## - INTERNATIONAL STANDARD BOOK NUMBER
International Standard Book Number 9781434222633
040 ## - CATALOGING SOURCE
Original cataloging agency DLC
Transcribing agency DLC
Modifying agency DLC
Language of cataloging eng
050 00 - LIBRARY OF CONGRESS CALL NUMBER
Classification number PZ7.D15134
Item number Tr 2010
082 00 - DEWEY DECIMAL CLASSIFICATION NUMBER
Classification number 813.54
Edition number 22
100 1# - MAIN ENTRY--PERSONAL NAME
Personal name Dahl, Michael
245 10 - TITLE STATEMENT
Title Trial of the Amazons /
Statement of responsibility, etc. written by Michael Dahl ; illustrated by Dan Schoening Wonder Woman created by William Moulton marston
260 ## - PUBLICATION, DISTRIBUTION, ETC.
Place of publication, distribution, etc. Mankato :
Name of publisher, distributor, etc. Stone Arch Books,
Date of publication, distribution, etc. 2010
300 ## - PHYSICAL DESCRIPTION
Extent 48 pages :
Other physical details illustrations
Dimensions 19 cm
490 0# - SERIES STATEMENT
Series statement DC super heroes. Wonder Woman
500 ## - GENERAL NOTE
General note "Wonder Woman created by William Moulton Marston."
505 ## - FORMATTED CONTENTS NOTE
Formatted contents note K
520 ## - SUMMARY, ETC.
Summary, etc. When a fighter jet crashes on Paradise Island, young Princess Diana asks her mother, Queen Hippolyta, for permission to enter the world of mortals. The queen thinks Diana's request is a good one. She holds a special competition, a test of skill and bravery, to determine which Amazonian will be permitted to go. But Diana, as a royal princess, is denied from entering the trials! Against her mother's wishes, and behind the disguise of a mask, the princess sets out to prove the she is indeed the best of them--that she alone is a Wonder Woman.
521 1# - TARGET AUDIENCE NOTE
Target audience note 590
Source Lexile
521 0# - TARGET AUDIENCE NOTE
Target audience note K
Source Raz-Plus
650 #1 - SUBJECT ADDED ENTRY--TOPICAL TERM
Topical term or geographic name entry element Superheroes
Form subdivision Fiction.
650 #1 - SUBJECT ADDED ENTRY--TOPICAL TERM
Topical term or geographic name entry element Amazons
Form subdivision Fiction.
700 1# - ADDED ENTRY--PERSONAL NAME
Personal name Schoening, Dan
Relator term illustrator
906 ## - LOCAL DATA ELEMENT F, LDF (RLIN)
a 7
b cbc
c orignew
d 1
e ecip
f 20
g y-gencatlg
942 ## - ADDED ENTRY ELEMENTS (KOHA)
Source of classification or shelving scheme Dewey Decimal Classification
Koha item type Books
Suppress in OPAC No
999 ## -
-- 2199
-- 2199
Holdings
Withdrawn status Lost status Source of classification or shelving scheme Damaged status Not for loan Collection Home library Current library Shelving location Date acquired Total Checkouts Full call number Barcode Date last seen Price effective from Koha item type
    Dewey Decimal Classification     Juvenile Fiction Footprints International School Library Network Toul Kork Campus Footprints International School Library Network Toul Kork Campus TK Primary Library Room(4th Floor), Bookcase 3&4, Shelves 17-32, Yellow Books 11/10/2023   DAH 813.54 PZ7.D15134 FISTK00568 11/10/2023 11/10/2023 Books